Statystyki dla Bundesliga- Brazylijczycy w sezonie 2019/2020

Kliknij tutaj aby rozwiązać quiz!

Ogólne statystyki

  • Ten quiz został rozwiązany 151 razy
  • Średni wynik to 5 z 10

Statystyki odpowiedzi

KlubPozycjaZawodnik% Poprawnych
Bayern MonachiumPomocnik(Ofensywny)Philippe Coutinho
87%
Bayer LeverkusenObrońca(Lewy)Wendell
87%
HerthaNapastnikMatheus Cunha
83%
Borussia MönchengladbachNapastnikRaffael
70%
Bayer LeverkusenPomocnik/Napastnik(Skrzydłowy)Paulinho
56%
VfL WolfsburgSkrzydłowyJoão Victor
40%
VfL WolfsburgObrońca(Prawy)William
30%
VfL WolfsburgObrońca(Lewy)Paulo Otavio
24%
FC AugsburgObrońca(Lewy)Iago
23%
HoffenheimObrońca(Środkowy)Lucas Ribeiro
16%

Rozkład punktacji

Percentyl według liczby udzielonych odpowiedzi

Procent ludzi z każdym wynikiem

Twoja historia wyników

Nie rozwiązałeś tego quizu